Statistiques concernant Culture Générale - Série 1313

Cliquez ici pour prendre le quiz!

Statistiques générales

  • Ce quiz a été pris 70 fois
  • Le résultat moyen est 4 sur 10

Statistiques - réponses

QuestionRéponse% Correct
Avec quel pays le Chili a-t-il plus de 4000 km de frontières communes ?Argentine
88%
Dans quelle ville se tient le plus grand festival théâtral de France ?Avignon
68%
Qu'est-ce qui mesure la résistance électrique ?ohm
61%
Pour quel pays France Gall a-t-elle remporté le Concours Eurovision en 1965 ?Luxembourg
59%
En kitesurf, par quoi est-on tracté ?cerf-volant
41%
Quelle île fut l'enjeu d'une lutte incessante entre les couronnes d'Angleterre et de France, de 1294 à 1630 ?île de Ré
27%
Quelle partie du stade de Berlin a été vendue aux supporters après la finale de la Coupe du Monde de football 2006 ?pelouse
26%
Qui joue le fan de Johnny Hallyday dans "Jean-Philippe" ?Fabrice Luchini
24%
Dans quel pays africain le virus de la grippe aviaire a-t-il fait son apparition sur ce continent ?Nigéria
11%
Dans quelle ville anglaise le tunnel sous la Manche débouche-t-il ?Folkestone
6%

Distribution des résultats

Percentile par nombre de réponses

% des personnes avec chaque résultat

Votre développement - résultats

Vous n’avez pas pris ce quiz